Biggest Cities in East Germany - Statistics

General Stats
  • This quiz has been taken 56 times
  • The average score is 18 of 30
Answer Stats
Inhabitants
(1990)
City State % Correct
1,279,000 East Berlin Berlin
100%
511,000 Leipzig Saxony
100%
502,000 Dresden Saxony
98%
294,000 Chemnitz Saxony
94%
248,000 Rostock Mecklenburg-Vorpommern
94%
140,000 Potsdam Brandenburg
91%
209,000 Erfurt Thuringia
89%
279,000 Magdeburg Saxony-Anhalt
87%
310,000 Halle/Saale Saxony-Anhalt
83%
103,000 Jena Thuringia
79%
127,000 Schwerin Mecklenburg-Vorpommern
77%
126,000 Cottbus Brandenburg
68%
129,000 Gera Thuringia
68%
115,000 Zwickau Saxony
64%
90,000 Brandenburg (Havel) Brandenburg
60%
86,000 Frankfurt (Oder) Brandenburg
60%
60,000 Weimar Thuringia
57%
97,000 Dessau Saxony-Anhalt
45%
72,000 Görlitz Saxony
45%
66,000 Greifswald Mecklenburg-Vorpommern
45%
73,000 Stralsund Mecklenburg-Vorpommern
45%
89,000 Neubrandenburg Mecklenburg-Vorpommern
43%
56,000 Wismar Mecklenburg-Vorpommern
36%
72,000 Plauen Saxony
34%
55,000 Gotha Thuringia
32%
55,000 Suhl Thuringia
23%
53,000 Eberswalde-Finow Brandenburg
15%
50,000 Eisenhüttenstadt Brandenburg
13%
65,000 Hoyerswerda Saxony
13%
51,000 Schwedt/Oder Brandenburg
11%
No matching quizzes found
Score Distribution
Percent of People with Each Score
Percentile by Number Answered
Your Score History
You have not taken this quiz